Química orgánica simplificada / (Record no. 112903)

MARC details
000 -LEADER
campo de control de longitud fija 00575nam a2200181 4500
001 - NÚMERO DE CONTROL
campo de control 112903
003 - IDENTIFICADOR DE NÚMERO DE CONTROL
campo de control ES-MaACL
007 - CAMPO FIJO DE DESCRIPCIÓN FÍSICA--INFORMACIÓN GENERAL
campo de control de longitud fija t|
008 - DATOS DE LONGITUD FIJA--INFORMACIÓN GENERAL
campo de control de longitud fija 061121s1970 mx r ||||1| spa d
100 1# - ENTRADA PRINCIPAL--NOMBRE DE PERSONA
Nombre de persona Murthy, S. K.
9 (RLIN) 84655
245 10 - MENCIÓN DEL TÍTULO
Título Química orgánica simplificada /
Mención de responsabilidad, etc. por S. K. Murthy y S. S. Nathan ; traducción por Oscar M. Becerril.
250 ## - MENCION DE EDICION
Mención de edición [4ª ed.].
260 ## - PUBLICACIÓN, DISTRIBUCIÓN, ETC.
Lugar de publicación, distribución, etc. México :
Nombre del editor, distribuidor, etc. Compañía General de Ediciones,
Fecha de publicación, distribución, etc. 1970.
300 ## - DESCRIPCIÓN FÍSICA
Extensión 287 p. ;
Dimensiones 27 cm.
700 1# - ENTRADA AGREGADA--NOMBRE PERSONAL
Nombre de persona Nathan, S. S.
9 (RLIN) 84995
700 1# - ENTRADA AGREGADA--NOMBRE PERSONAL
Nombre de persona Becerril, Oscar M.
9 (RLIN) 26890
852 ## - LOCALIZACIÓN
Ubicación ES-MaACL
Número de control de estantería E-9090
Sublocalización o colección R.93566
Holdings
Estatus retirado Estado de pérdida Estado de daño No para préstamo Biblioteca de origen Biblioteca actual Ubicación en estantería Fecha de adquisición Fuente de adquisición Total de préstamos Signatura topográfica completa Código de barras Visto por última vez Precio de reemplazo Tipo de ítem Koha
        Biblioteca del Ateneo de Madrid Biblioteca del Ateneo de Madrid Depósito 2 17/01/2008     E-9090 1117770 23/02/2023 23/02/2023 Libro impreso